000 00695nam a2200241Ia 4500
003 OSt
005 20220926024650.0
006 a|||||r|||| 00| 0
007 ta
008 220923b |||||||| |||| 00| 0 eng d
037 _cGeneral Book
040 _aRTL
_cRTL
_beng
041 _2eng
_aeng
082 _aY15.41.N7, L6
100 _aDavin Delia
_9331334
245 0 _aWomen-work
_b Women and the party in revolutionary C
260 _aOxford
_bCalrendon
_c1976
300 _ax,244p
_ccm.
500 _aBibliography: p 215-235; Appendix: p 198-213
650 _aWoman Sociology
942 _hY15.41.N7, L6
_cGB
_2CC
999 _c645163
_d645163